00501 2200169 4500001002100000005001700021035002400038040001200062082001200074090001800086245007100104260005800175300003500233650003000268850001200298990002100310YOGYA00000000009630620161129151959.0 0010-081400000096023 aYOPDYOG 223a017 aDEP 017 Sle I aInformasi Peraturan Perundang-Undangan Pemerintah Kabupaten Sleman aYogyakartabBagian Hukum Setda Kabupaten Slemanc2008 a197 lembar.b: ilus.c; 21 cm. aPeraturan Daerah - Sleman aYOPDYOG aCB-D.11/2008-901